Normal view MARC view

Entry Nombre corporativo

Number of records used in: 28

001 - NÚMERO DE CONTROL

  • campo de control: 3790

003 - IDENTIFICADOR DE NÚMERO DE CONTROL

  • campo de control: OSt

005 - FECHA Y HORA DE LA ÚLTIMA TRANSACCIÓN

  • campo de control: 20230222191733.0

008 - ELEMENTOS DE DATO DE LONGITUD-FIJA

  • campo de control de longitud fija: 040615 n acnnnaaan n ann d

040 ## - FUENTE DE CATALOGACIÓN

  • Centro catalogador/agencia de origen: OSt
  • Centro/agencia transcriptor: OSt

110 1# - ENCABEZAMIENTO-NOMBRE DE ENTIDAD CORPORATIVA

  • Nombre de entidad corporativa o nombre de jurisdicción como elemento de entrada: España.
  • Unidad subordinada: Dirección General del Patrimonio Artístico y Cultural

410 1# - TRAZADO DE VÉASE--NOMBRE DE ENTIDAD CORPORATIVA

  • Nombre de entidad corporativa o nombre de jurisdicción como elemento de entrada: España.
  • Unidad subordinada: Ministerio de Educación y Ciencia.
  • Unidad subordinada: Dirección General del Patrimonio Artístico y Cultural